A carregar...
Sociology for India
| Autor principal: | |
|---|---|
| Outros Autores: | , |
| Formato: | Printed Book |
| Idioma: | Undetermined English |
| Publicado em: |
Newdelhi
Prentice- Hall of India Pvt Ltd
1967
|
| Assuntos: |
| LEADER | 00616nam a2200193Ia 4500 | ||
|---|---|---|---|
| 008 | 140306s9999 xx 000 0 und d | ||
| 041 | |a eng | ||
| 082 | |a 301.0954 |b UNN | ||
| 100 | |a Naraendra, Singhi | ||
| 245 | |a Sociology for India | ||
| 260 | |a Newdelhi |b Prentice- Hall of India Pvt Ltd |c 1967 | ||
| 300 | |a 219 | ||
| 650 | |a Indian sociology | ||
| 650 | |a Sociology - India | ||
| 700 | |a Unnithan, T.K.N. | ||
| 700 | |a Yogendra, Singh | ||
| 942 | |2 ddc |c BK | ||
| 999 | |c 65203 |d 65203 | ||
| 952 | |0 0 |1 0 |2 ddc |4 0 |6 301_095400000000000_UNN |7 0 |9 71539 |a KAUACV |b KAUACV |d 2004-05-24 |o 301.0954 UNN |p KAU_ACV-9637 |r 2014-03-22 |w 2014-03-22 |y BK | ||